000 01141nam a2200277 a 4500
001 000016894
005 20251120073732.0
008 100312s1977 dr 001 0 spa d
040 _aDO-SdBNP
_bspa
_cBNPHU
082 _a972.9356
_bD675a
100 1 _aDonal, Carlos,
_d1926-
_937376
245 1 0 _aAntigüedades, arte y tradición en Santiago de los Caballeros /
_cCarlos Dobal ; prólogo Vanessa Vega de Bonnelly.
260 _aSantiago de los Caballeros, República Dominicana :
_bUCMM,
_c1977.
300 _a286 p. ;
_c21 cm.
490 1 _aEstudios
500 _aIncluye índice de nombres.
500 _aIncluye referencias bibliográficas y notas al pie de páginas.
590 _aInventariado, 2019/MFF
650 4 _aCiudades y pueblos
_zRepública Dominicana
_xHistoria
_98393
651 0 _aSantiago de los Caballeros (Republica Dominicana)
_98269
651 0 _aSantiago de los Caballeros (Republica Dominicana)
_98269
700 1 _aVega de Bonnelly, Vanessa,
_epról.
_937377
710 2 _aPontificia Universidad Católica Madre y Maestra
_9843
830 0 _aEstudios
_93854
910 _aValidado. Control de la calidad EMS
999 _c16426
_d16426